<?xml version="1.0" encoding="UTF-8"?><?xml-stylesheet type="text/xsl" href="static/style.xsl"?><OAI-PMH xmlns="http://www.openarchives.org/OAI/2.0/" xmlns:xsi="http://www.w3.org/2001/XMLSchema-instance" xsi:schemaLocation="http://www.openarchives.org/OAI/2.0/ http://www.openarchives.org/OAI/2.0/OAI-PMH.xsd"><responseDate>2026-06-29T20:46:21Z</responseDate><request verb="GetRecord" identifier="oai:riubu.ubu.es:10259/7603" metadataPrefix="marc">https://riubu.ubu.es/oai/request</request><GetRecord><record><header><identifier>oai:riubu.ubu.es:10259/7603</identifier><datestamp>2023-12-19T09:14:15Z</datestamp><setSpec>com_10259.4_2527</setSpec><setSpec>com_10259_5086</setSpec><setSpec>com_10259_2604</setSpec><setSpec>col_10259.4_2528</setSpec></header><metadata><record xmlns="http://www.loc.gov/MARC21/slim" xmlns:doc="http://www.lyncode.com/xoai" xmlns:xsi="http://www.w3.org/2001/XMLSchema-instance" xmlns:dcterms="http://purl.org/dc/terms/" xsi:schemaLocation="http://www.loc.gov/MARC21/slim http://www.loc.gov/standards/marcxml/schema/MARC21slim.xsd">
<leader>00925njm 22002777a 4500</leader>
<datafield tag="042" ind1=" " ind2=" ">
<subfield code="a">dc</subfield>
</datafield>
<datafield tag="720" ind1=" " ind2=" ">
<subfield code="a">Huerta Sainz, Sergio de la</subfield>
<subfield code="e">author</subfield>
</datafield>
<datafield tag="720" ind1=" " ind2=" ">
<subfield code="a">Ballesteros Castañeda, Ángel</subfield>
<subfield code="e">author</subfield>
</datafield>
<datafield tag="720" ind1=" " ind2=" ">
<subfield code="a">Cordero Tejedor, Nicolás A.</subfield>
<subfield code="e">author</subfield>
</datafield>
<datafield tag="260" ind1=" " ind2=" ">
<subfield code="c">2022-06</subfield>
</datafield>
<datafield tag="520" ind1=" " ind2=" ">
<subfield code="a">Graphene nanostructures have attracted a lot of attention in recent years due to their&#xd;
unconventional properties. We have employed Density Functional Theory to study the mechanical&#xd;
and electronic properties of curved graphene nanoflakes. We explore hexagonal flakes relaxed with&#xd;
different boundary conditions: (i) all atoms on a perfect spherical sector, (ii) only border atoms forced&#xd;
to be on the spherical sector, and (iii) only vertex atoms forced to be on the spherical sector. For&#xd;
each case, we have analysed the behaviour of curvature energy and of quantum regeneration times&#xd;
(classical and revival) as the spherical sector radius changes. Revival time presents in one case a&#xd;
divergence usually associated with a phase transition, probably caused by the pseudomagnetic field&#xd;
created by the curvature. This could be the first case of a phase transition in graphene nanostructures&#xd;
without the presence of external electric or magnetic fields.</subfield>
</datafield>
<datafield tag="024" ind2=" " ind1="8">
<subfield code="a">http://hdl.handle.net/10259/7603</subfield>
</datafield>
<datafield tag="024" ind2=" " ind1="8">
<subfield code="a">10.3390/nano12121953</subfield>
</datafield>
<datafield tag="024" ind2=" " ind1="8">
<subfield code="a">2079-4991</subfield>
</datafield>
<datafield ind1=" " ind2=" " tag="653">
<subfield code="a">Graphene</subfield>
</datafield>
<datafield ind1=" " ind2=" " tag="653">
<subfield code="a">Curvature</subfield>
</datafield>
<datafield ind1=" " ind2=" " tag="653">
<subfield code="a">Quantum revivals</subfield>
</datafield>
<datafield ind1=" " ind2=" " tag="653">
<subfield code="a">DFT</subfield>
</datafield>
<datafield ind1=" " ind2=" " tag="653">
<subfield code="a">Phase transition</subfield>
</datafield>
<datafield tag="245" ind1="0" ind2="0">
<subfield code="a">Quantum Revivals in Curved Graphene Nanoflakes</subfield>
</datafield>
</record></metadata></record></GetRecord></OAI-PMH>